Language Quiz

Random Language Quiz
Score 0/25 Timer 03:00
0 Plays Today
Hint Word % Correct
This green animal croaksFrog
99.6%
Sometimes this green, pad-like object floats on a (2)Lily
88.7%
You can usually find (1) in this small body of waterPond
88.3%
Using the first two letters of (3), someone who isn't truthfulLiar
88.1%
Spell (4) backwardsRail
86.5%
Change a letter in (5) to make a weather elementRain
86.1%
You can catch this from being in (6) too longCold
84.8%
If you did get (7), a chicken variant of this might be given to youSoup
73.5%
(8) can be served in this. Has the same second letter as (8)Bowl
72.7%
If you went (9)ing, you would need this round itemBall
72.4%
In the season of (12), these fall to the groundLeaf
72.4%
You could do this by getting too close to a larger version of (11)Fall
71.1%
This gardening tool will be needed to collect (13)Rake
70.1%
Hint Word % Correct
Change one letter in (14) to make a cooking processBake
69.4%
A (10) generally has three of these, in this caseHole
65.9%
Using the first two letters of (16), name a shapeOval
60.9%
If you want to (15), this large item might be usefulOven
60.5%
Birds make these in many places, but most commonly in (21)Nest
45.8%
Change a letter in (22) to define something as being the greatestBest
44.7%
Change a letter in (19) and re-arrange letters to make a sportGolf
39.5%
When playing (20), avoid these large, natural obstaclesTree
39.1%
If you are the (23), you can expect this colour around your neckGold
38.4%
An incident in (18) might result in a yellow variant of thisFlag
30.6%
Cars might have one of these around an (17) roadRace
26.7%
(24) is found in large amounts through this man-made structureMine
23.4%
Remove Ads.
Support Sporcle.
Get the best of Sporcle when you Go Orange. This ad-free experience offers more features, more stats, and more fun while also helping to support Sporcle. Thank you for becoming a member.

You're not logged in!

Compare scores with friends on all Sporcle quizzes.
OR
Log In

Show Comments

Extras

Created Oct 27, 2010ReportNominate
Tags:4-letter, fast, Quick, rush, time

Top Quizzes Today


Score Distribution

Your Account Isn't Verified!

In order to create a playlist on Sporcle, you need to verify the email address you used during registration. Go to your Sporcle Settings to finish the process.

Report this User

Report this user for behavior that violates our Community Guidelines.

Details: